000 00778nam a2200289Ia 4500
001 19638
003 IT-RoPAU
008 130308s9999 xx 000 0 und d
040 _aIT-RoPAU
040 _cIT-RoPAU
041 _aITALIANO
100 _aMunsterberg Hugo
100 _gCodice Aut. SPICS: 3460
245 _aPhotoplay (The)
245 _bIntroduzione Allo Studio delle Teoriche Cinematografiche Americane (1910-1929)
250 _a1a ed.
260 _aVENEZIA
260 _bLa Biennale
260 _c1975 [1° Ed.:1975 - Ed.Ling.Originale:1916]
300 _a"6 p. (prefazione: no ; testo: 6 [pagine: 138-143])"
650 _aSAGGI SUL CINEMA
650 _eCodice materia Spics: 6811
942 _cBK
957 _71
999 _c55684
_d55684
999 _bSI
999 _g1